[Event "HUN-chT1 9596"]
[Site "HUN"]
[Date "1996.??.??"]
[Round "7"]
[White "Varaljai, Istvan"]
[Black "Turzo, Attila"]
[Result "0-1"]
[WhiteElo "2225"]
[BlackElo "2265"]

1.e4 c5 2.Nc3 Nc6 3.Nf3 d6 4.d4 cxd4 5.Nxd4 Nf6 6.Be2 g6 7.Be3 Bg7 8.Qd2 O-O
9.O-O-O Nxd4 10.Bxd4 Be6 11.f3 Qa5 12.Kb1 Rfc8 13.Nd5 Qxd2 14.Nxf6+ Bxf6
15.Rxd2 Bxd4 16.Rxd4 Rc5 17.c4 Rac8 18.b3 f5 19.Bd3 f4 20.Rd1 Kg7 21.Kb2 Kf6
22.a4 Ke5 23.Be2 g5 24.R4d2 h5 25.h3 a5 26.Bd3 Rh8 27.Rh1 Rcc8 28.Kc3 g4
29.hxg4 hxg4 30.Rxh8 Rxh8 31.Be2 Rh2 32.Rb2 Rxg2 33.fxg4 f3 34.Bxf3 Rg3 35.Rh2 Rxf3+
36.Kb2 Kxe4 37.Rh7 Rf7 38.Rh5 Bxg4 39.Rxa5 e5 40.Ra7 Kd4 41.a5 Rd7 42.a6 bxa6
43.Rxa6 e4 44.Ra4 Kd3 45.Ra5 d5 46.cxd5 e3 47.d6 e2  0-1

[Event "HUN-chT2 9596"]
[Site "HUN"]
[Date "1996.??.??"]
[Round "8"]
[White "Isepy, Tamas"]
[Black "Szekeres, Sandor"]
[Result "0-1"]
[WhiteElo "2170"]
[BlackElo "2220"]

1.e4 c5 2.Nf3 Nc6 3.Nc3 Nf6 4.d3 g6 5.h3 Bg7 6.e5 Ng8 7.Bf4 d5 8.d4 cxd4
9.Nb5 a6 10.Nbxd4 e6 11.Qd2 Nge7 12.Bd3 Bd7 13.O-O Nxd4 14.Nxd4 Nc6 15.Nf3 O-O
16.Bh6 f6 17.Rae1 Qe7 18.Bf4 fxe5 19.Nxe5 Nxe5 20.Bxe5 Bxe5 21.Rxe5 Rf6 22.c3 Raf8
23.Qe3 Qd6 24.f4 b6 25.g3 Bb5 26.Rd1 Bxd3 27.Rxd3 Rc8 28.Qd4 Qc5 29.Rxd5 exd5  0-1

[Event "HUN-chT2 9596"]
[Site "HUN"]
[Date "1996.??.??"]
[Round "9"]
[White "Berta, Tibor"]
[Black "Eberth, Zoltan"]
[Result "1/2-1/2"]
[WhiteElo "2180"]
[BlackElo "2210"]

1.e4 c5 2.Nf3 Nc6 3.Nc3 g6 4.d4 cxd4 5.Nxd4 Bg7 6.Be3 Nf6 7.Bc4 O-O 8.Bb3 a5
9.f3 d5 10.Nxd5 Nxd5 11.exd5 Nb4 12.c3 Nxd5 13.Bxd5 Qxd5 14.O-O a4 15.f4 a3
16.b3 Bf5 17.Qe2 Rac8 18.Rac1 Rfd8 19.Rfd1 Qe4 20.Qf2 Bg4 21.Rd2 Rd5 22.h3 Bd7
23.Qf3 Rxd4 24.Rxd4 Qxf3 25.gxf3 Bxd4 26.cxd4 Bxh3 27.Rxc8+ Bxc8 28.Bc1 Bf5
29.Bxa3 Bb1 30.Bxe7 Bxa2 31.b4 f5 32.Kf2 Kf7 33.Bd8 Ke6 34.Ke3 Bc4 35.Bb6 Kd5
36.Bd8 Kc6 37.Be7 Kb5 38.Bc5 Bd5 39.Bd6 Kc4 40.Bc5 b5 41.Be7 h5 42.Bd6 Kc3
43.Be7 Kc2 44.Bf6 Kd1 45.Bh4 Bc4 46.Bg3 Kc2 47.Bh4 Kc3 48.Be7 h4 49.Bc5 Bd5
50.Ke2 h3 51.Kf2 Kd3 52.Kg3 Ke3 53.Bd6 Bxf3 54.Kxh3 Kxd4 55.Kh4 Kd5 56.Bc5 Ke4
57.Kg5 Bh5 58.Bd6  1/2-1/2

[Event "HUN-chT1 9596"]
[Site "HUN"]
[Date "1996.??.??"]
[Round "9"]
[White "Bagonyai, Attila"]
[Black "Palkovi, Jozsef"]
[Result "1-0"]
[WhiteElo "2260"]
[BlackElo "2420"]

1.e4 c5 2.Ne2 Nc6 3.Nbc3 d6 4.d4 cxd4 5.Nxd4 Nf6 6.Bg5 e6 7.Qd3 a6 8.O-O-O Bd7
9.f4 h6 10.Bh4 g5 11.Nxc6 Bxc6 12.Bg3 gxf4 13.Bxf4 Qa5 14.Be2 O-O-O 15.Rhf1 Be7
16.Kb1 d5 17.Qd4 Nxe4 18.Nxe4 dxe4 19.Qa7 e5 20.Be3 Rxd1+ 21.Bxd1 Bd5 22.Qa8+ Kc7
23.Qxh8 Qxa2+ 24.Kc1 Qa1+ 25.Kd2 Bb4+ 26.Ke2 Bc4+ 27.Kf2 Bxf1 28.Qxe5+ Bd6
29.Qc3+ Kd7 30.Bg4+ Ke7 31.Bxh6 f6 32.Qc8 e3+ 33.Bxe3 Bb5 34.Qe6+ Kf8 35.Qxd6+ Kg7
36.Qe7+ Kg6 37.Qe4+ Kg7 38.Qxb7+ Kg6 39.Qe4+ Kg7 40.c4 Qxb2+ 41.Kg3  1-0

[Event "HUN-chT1 9596"]
[Site "HUN"]
[Date "1996.??.??"]
[Round "10"]
[White "Varaljai, Istvan"]
[Black "Farago, Sandor"]
[Result "0-1"]
[WhiteElo "2225"]
[BlackElo "2360"]

1.e4 c5 2.Nc3 Nc6 3.Nf3 g6 4.d4 cxd4 5.Nxd4 Bg7 6.Be3 d6 7.Qd2 Nf6 8.f3 O-O
9.O-O-O Be6 10.Nxe6 fxe6 11.Bc4 Qc8 12.Bh6 Ne5 13.Bb3 Nc4 14.Bxc4 Qxc4 15.Bxg7 Kxg7
16.Qd4 Rfc8 17.Rhe1 e5 18.Qd2 Rc5 19.a3 Rac8 20.g3 b5 21.Qd3 Qf7 22.Re2 Rb8
23.b3 Rbc8 24.Na2 a5 25.Rf1 Qe6 26.Kb2 Qd7 27.f4 Qh3 28.Rd1 d5 29.fxe5 Nxe4
30.b4 axb4 31.axb4 Rc4 32.Qxd5 Qg4 33.Re3 Rxc2+ 34.Kb3 Ng5 35.Qd7 Qc4+  0-1

[Event "HUN-chT1 9596"]
[Site "HUN"]
[Date "1996.??.??"]
[Round "11"]
[White "Bagonyai, Attila"]
[Black "Cao Sang"]
[Result "1-0"]
[WhiteElo "2260"]
[BlackElo "2300"]

1.e4 c5 2.Ne2 Nc6 3.Nbc3 g6 4.h4 Nf6 5.g3 Bg7 6.Bg2 d6 7.a3 Bg4 8.f3 Bd7
9.d3 e5 10.Bg5 Ne7 11.Qd2 h6 12.Be3 Qc7 13.h5 Nxh5 14.g4 Nf6 15.Bxh6 Bxh6
16.Rxh6 O-O-O 17.O-O-O Rxh6 18.Qxh6 Be6 19.Qh4 Ne8 20.f4 f6 21.f5 g5 22.Qf2 Bg8
23.Nd5 Nxd5 24.exd5 b5 25.c4 Qa5 26.Nc3 a6 27.Ne4 Rd7 28.Rh1 b4 29.Qd2 Qa4
30.Qc2 Qxc2+ 31.Kxc2 bxa3 32.bxa3 Kd8 33.Rh8 Rg7 34.Bf3 Ke7 35.Rh6 Rh7 36.Rxh7+ Bxh7
37.Kb3 Ng7 38.Ng3 Kd7 39.Ka4 Kc7 40.Ka5 Kb7 41.Bd1 Ka7 42.Ba4 Kb7 43.Bc6+ Ka7
44.Bd7 Bg8 45.Ne4 Bf7 46.Nxf6 Kb7 47.Bc6+  1-0

[Event "HUN-chT1 9596"]
[Site "HUN"]
[Date "1996.??.??"]
[Round "12"]
[White "Pirisi, Gabor"]
[Black "Pergel, Laszlo"]
[Result "1-0"]
[WhiteElo "2405"]
[BlackElo "2145"]

1.e4 c5 2.Nf3 Nc6 3.Nc3 d6 4.d4 cxd4 5.Nxd4 Nf6 6.Be2 e5 7.Nb3 Be7 8.O-O O-O
9.Be3 a5 10.Nd2 Be6 11.Nc4 Nxe4 12.Nxe4 d5 13.Nb6 dxe4 14.Nxa8 Qxa8 15.c3 f5
16.Qa4 Kh8 17.Bc4 Bd7 18.Rfd1 Qe8 19.Rd5 f4 20.Bb6 e3 21.fxe3 f3 22.Rd2 fxg2
23.Rxg2 Nd4 24.Qd1 Nf3+ 25.Kh1 Bh4 26.Bd5 e4 27.Bd4 Bf6 28.Qc2 Bh3 29.Rg3 Qh5
30.Bxe4 Bxd4 31.exd4 Bd7 32.Rf1 Ba4 33.Rgxf3 Rxf3 34.Qe2  1-0

[Event "Imperia op"]
[Site "Imperia"]
[Date "1996.??.??"]
[Round "6"]
[White "Wagman, Stuart"]
[Black "Hitzgerova, Gabriela"]
[Result "1/2-1/2"]
[WhiteElo "2195"]
[BlackElo "2125"]

1.e4 c5 2.Nc3 Nc6 3.Nge2 d6 4.d4 cxd4 5.Nxd4 Nf6 6.Bg5 e6 7.Qd2 Be7 8.O-O-O a6
9.f3 Bd7 10.Kb1 Qc7 11.h4 Na5 12.h5 Nc4 13.Bxc4 Qxc4 14.h6 g6 15.e5 dxe5
16.Nf5 gxf5 17.Bxf6 Bxf6 18.Qxd7+ Kf8 19.Qd6+ Be7 20.Qxe5 Rg8 21.Rd2 Qc5
22.Qxc5 Bxc5 23.Na4 Be3 24.Rd3 Ba7 25.c4 Ke7 26.Rb3 Rab8 27.c5 Rgc8 28.Rc1 Rc7
29.f4 Rg8 30.g3 Kd7 31.Rd3+ Ke7 32.b4 Rd7 33.Rcd1 Rgd8 34.Kc2 f6 35.Rxd7+ Rxd7
36.Rxd7+ Kxd7 37.Kd3 e5 38.fxe5 fxe5 39.Kc4 Kc6 40.Nc3 Bb8 41.Nd5 f4 42.gxf4 exf4
43.a4 f3 44.b5+ Kd7 45.Kd3 Ke6 46.bxa6 Kxd5 47.axb7 Kxc5 48.Ke3 Kb6 49.Kxf3 Kxb7
50.Kg2  1/2-1/2

[Event "Isle of Man op"]
[Site "Isle of Man"]
[Date "1996.??.??"]
[Round "4"]
[White "Hector, Jonny"]
[Black "Tzermiadianos, Andreas"]
[Result "1-0"]
[WhiteElo "2525"]
[BlackElo "2375"]

1.e4 c5 2.Nf3 Nc6 3.Nc3 e5 4.Bc4 d6 5.d3 h6 6.Nd2 Nf6 7.Nf1 Bg4 8.f3 Be6
9.Ne3 Nd4 10.a4 Be7 11.Bd2 Rb8 12.O-O O-O 13.Ncd5 a6 14.a5 Nxd5 15.Nxd5 Bg5
16.Be1 Nc6 17.g3 Bh3 18.Rf2 Ne7 19.f4 exf4 20.Nxf4 Bd7 21.Bc3 Nc6 22.Qf3 Bf6
23.Ng6 Nd4 24.Bxd4 Bxd4 25.Bxf7+ Rxf7 26.Qxf7+ Kh7 27.Kg2 Bxf2 28.Kxf2 c4
29.Kg2 cxd3 30.cxd3 Rc8 31.Rf1 Rc2+ 32.Kh1 Rc8 33.Nf8+  1-0

[Event "Italy op"]
[Site "Italy"]
[Date "1996.??.??"]
[Round "5"]
[White "Saccone, Fabio"]
[Black "Contin, Daniel"]
[Result "0-1"]
[WhiteElo "2175"]
[BlackElo "2325"]

1.e4 c5 2.Ne2 Nc6 3.Nbc3 g6 4.d4 cxd4 5.Nxd4 Bg7 6.Be3 Nf6 7.Bc4 Qa5 8.f3 Qb4
9.Bb3 Nxe4 10.Nxc6 Bxc3+ 11.bxc3 Qxc3+ 12.Ke2 dxc6 13.Bd4 e5 14.Bxc3 Nxc3+
15.Kf2 Nxd1+ 16.Raxd1 Ke7 17.Rhe1 f6 18.f4 Bg4 19.Rd4 Rad8 20.Ra4 Rd2+ 21.Kg3 Bc8
22.fxe5 fxe5 23.Rxe5+ Kd6 24.Ree4 Bf5 25.Red4+ Rxd4 26.Rxd4+ Kc5 27.Rc4+ Kb6
28.Kf4 Rf8 29.Kg5 Re8 30.g4 Be4 31.Kh6 Re7 32.h4 a5 33.Rc3 Bd5 34.Bxd5 cxd5
35.Rc8 Re4 36.Kg5 h6+ 37.Kxg6 Rxg4+ 38.Kh5 Ra4 39.Rd8 Rxa2 40.Kxh6 Rxc2 41.Rxd5 a4
42.Kg6 a3 43.h5 Rc6+ 44.Kg7 Rc5 45.Rd3 a2  0-1

[Event "ISR-ch"]
[Site "Jerusalem"]
[Date "1996.??.??"]
[Round "6"]
[White "Kogan, Artur"]
[Black "Maryasin, Boris"]
[Result "1-0"]
[WhiteElo "2475"]
[BlackElo "2400"]

1.e4 c5 2.Nf3 Nc6 3.Nc3 e6 4.g3 Nf6 5.Bg2 d6 6.O-O e5 7.d3 Be7 8.Nd2 O-O
9.Nc4 Nd4 10.Ne3 g6 11.f4 exf4 12.gxf4 Nh5 13.Ncd5 Bh4 14.c3 Nc6 15.f5 Nf6
16.Nxf6+ Bxf6 17.Nd5 Bh8 18.Bh6 Re8 19.Qf3 Ne5 20.Qg3 f6 21.d4 Nf7 22.Be3 g5
23.dxc5 Ne5 24.cxd6 Qxd6 25.Rad1 Qc6 26.Bf3 b6 27.Bh5 Bb7 28.Bxg5 fxg5 29.Qxg5+ Kf8
30.f6 Qc5+ 31.Kh1 Bxd5 32.Rxd5 Qxd5 33.Qh6+ Kg8 34.exd5  1-0

[Event "Jyvaskyla op2"]
[Site "Jyvaskyla"]
[Date "1996.??.??"]
[Round "3"]
[White "Sepp, Olav"]
[Black "Porrasmaa, Timo"]
[Result "1-0"]
[WhiteElo "2440"]
[BlackElo "2140"]

1.e4 c5 2.Nf3 Nc6 3.Nc3 g6 4.g3 Bg7 5.Bg2 Rb8 6.O-O b5 7.d3 d6 8.h3 Bd7 9.a3 a5
10.Re1 e6 11.a4 bxa4 12.Nxa4 Nge7 13.Nd2 O-O 14.Nc4 Qc7 15.Bf4 e5 16.Bd2 f5
17.Nc3 Nd4 18.exf5 Bc6 19.f6 Bxf6 20.Ne4 d5 21.Nxf6+ Rxf6 22.Nxe5 Ba8 23.Ng4 Rff8
24.Bxa5 Qd7 25.Bc3 Nec6 26.Ne5 Nxe5 27.Rxe5 Qf7 28.Bxd4 cxd4 29.Qe2 Rbe8
30.Rxa8  1-0

[Event "Kilkenny op"]
[Site "Kilkenny"]
[Date "1996.??.??"]
[Round "5"]
[White "O'Donovan, Richard"]
[Black "Lilley, Graham"]
[Result "1-0"]
[WhiteElo "2215"]
[BlackElo "2185"]

1.e4 c5 2.Nf3 Nc6 3.Nc3 g6 4.Bc4 Bg7 5.a4 Nf6 6.d3 O-O 7.Be3 d6 8.h3 b6 9.Qd2 Nb4
10.Bb3 d5 11.exd5 Nbxd5 12.Bh6 Nxc3 13.Bxg7 Kxg7 14.bxc3 Bb7 15.Qe2 Nh5 16.O-O Qd6
17.g3 Qc6 18.Kg2 Qf6 19.d4 cxd4 20.cxd4 Rac8 21.d5 Rc3 22.Nd2 Qd4 23.Rad1 Bxd5+
24.Nf3 Rxf3 25.Bxd5 Rxg3+ 26.fxg3 Qxa4 27.Qxe7 Qxc2+ 28.Rf2 Qxd1 29.Rxf7+ Rxf7
30.Qxf7+ Kh6 31.Qf8+ Ng7 32.Qf4+  1-0

[Event "JUG-ch sf"]
[Site "Kladovo"]
[Date "1996.??.??"]
[Round "?"]
[White "Brenjo, Slavisa"]
[Black "Rajkovic, Dusan"]
[Result "1/2-1/2"]
[WhiteElo "2425"]
[BlackElo "2485"]

1.e4 c5 2.Nc3 Nc6 3.Nge2 g6 4.d4 cxd4 5.Nxd4 Bg7 6.Be3 Nf6 7.Bc4 Qa5 8.O-O O-O
9.Bb3 d6 10.h3 Bd7 11.f4 Qh5 12.f5 Nxd4 13.Bxd4 Qxd1 14.Raxd1 Bc6 15.Nd5 Bxd5
16.Bxd5 Rac8 17.c3 b6 18.g4 Nd7 19.g5 Be5 20.Rf2 Kg7 21.Bxe5+ Nxe5 22.f6+ exf6
23.gxf6+ Kh6 24.Bb3 Rfd8 25.Kg2 g5 26.Rfd2 Kg6 27.Rf1 h5 28.h4 Ng4 29.Kg3 Rc5
30.Rfd1 Re5 31.Rxd6 Rxd6 32.Rxd6 Nxf6 33.Bc2 Kg7 34.Rd4 Kh6 35.Rd6 Kg7 36.Rd4 Kh6
37.Rd6  1/2-1/2

[Event "Klatovy op"]
[Site "Klatovy"]
[Date "1996.??.??"]
[Round "?"]
[White "Kacirek, Petr"]
[Black "Folk, Petr"]
[Result "1/2-1/2"]
[WhiteElo "2275"]
[BlackElo "2290"]

1.e4 c5 2.Ne2 Nc6 3.Nbc3 Nf6 4.d4 cxd4 5.Nxd4 e5 6.Ndb5 d6 7.Bg5 a6 8.Na3 b5
9.Nd5 Be7 10.Bxf6 Bxf6 11.g3 Bb7 12.Bg2 Ne7 13.Nxe7 Bxe7 14.O-O O-O 15.c3 Qd7
16.Nc2 Qe6 17.Ne3 g6 18.Qb3 Qxb3 19.axb3 Bg5 20.Nc2 a5 21.Rfd1 Rfd8 22.h4 Bh6
23.Ra2 a4 24.bxa4 Rxa4 25.Nb4 Kf8 26.Rda1  1/2-1/2

[Event "Koszalin op"]
[Site "Koszalin"]
[Date "1996.??.??"]
[Round "4"]
[White "Novikov, Yury"]
[Black "Muhtarov, Leonid"]
[Result "1-0"]
[WhiteElo "2360"]
[BlackElo "2200"]

1.e4 c5 2.Ne2 Nc6 3.Nbc3 d6 4.d4 cxd4 5.Nxd4 Nf6 6.g3 e6 7.Bg2 Qc7 8.O-O a6
9.Re1 Be7 10.Nxc6 bxc6 11.e5 dxe5 12.Rxe5 Nd5 13.Nxd5 cxd5 14.Bf4 Bd6 15.Qxd5 Rb8
16.Rd1 Rb6 17.Qd4 O-O 18.Rxe6 Bxe6 19.Bxd6 Rxd6 20.Qxd6 Qxc2 21.Qd2 Qxd2
22.Rxd2 Bxa2 23.Bf1 a5 24.b4 Be6 25.bxa5 Rc8 26.a6 Kf8 27.f4 Rc1 28.a7  1-0

[Event "Krasnodar op"]
[Site "Krasnodar"]
[Date "1996.??.??"]
[Round "5"]
[White "Balashov, Yuri S"]
[Black "Zakharov, Alexander S"]
[Result "1/2-1/2"]
[WhiteElo "2480"]
[BlackElo "2300"]

1.e4 c5 2.Nc3 Nc6 3.Bb5 Nd4 4.Nf3 a6 5.Bd3 Nxf3+ 6.Qxf3 d6 7.O-O Nf6 8.b3 e5
9.a4 Be7 10.Bc4 O-O 11.d3 Be6 12.a5 Rb8 13.Qe2 Ne8 14.Nd5 Bg5 15.Nb6 Bxc1
16.Raxc1 Nc7 17.c3 Na8 18.Bxe6 Nxb6 19.Bh3  1/2-1/2

[Event "La Coruna op"]
[Site "La Coruna"]
[Date "1996.??.??"]
[Round "?"]
[White "Suarez, Diego"]
[Black "Rivas Vila, Manuel"]
[Result "1-0"]
[WhiteElo "2330"]
[BlackElo "2140"]

1.e4 c5 2.Nc3 Nc6 3.Nge2 d6 4.d4 cxd4 5.Nxd4 Nf6 6.Bc4 e6 7.Be3 Be7 8.Qe2 O-O
9.Bb3 a6 10.O-O-O Qc7 11.Rhg1 b5 12.g4 Na5 13.g5 Nxb3+ 14.axb3 Nd7 15.Nf5 exf5
16.Nd5 Qd8 17.exf5 Re8 18.f6 Nxf6 19.gxf6 Bf8 20.Qf3 Rb8 21.Rxg7+  1-0

[Event "Las Palmas op"]
[Site "Las Palmas"]
[Date "1996.??.??"]
[Round "8"]
[White "Rohl, Juan"]
[Black "San Segundo, Pablo"]
[Result "1/2-1/2"]
[WhiteElo "2395"]
[BlackElo "2505"]

1.e4 c5 2.Nf3 Nc6 3.Nc3 d6 4.d4 cxd4 5.Nxd4 Nf6 6.Be2 g6 7.Be3 Bg7 8.O-O O-O
9.Nb3 Be6 10.f4 Na5 11.f5 Bc4 12.Bd3 Bxd3 13.cxd3 Nxb3 14.Qxb3 Ng4 15.Bg5 h6
16.Bh4 g5 17.Be1 Qb6+ 18.Qxb6 axb6 19.h3 Bd4+ 20.Kh1 Ne5 21.Rd1 Bxc3 22.Bxc3 Rxa2
23.f6 e6 24.d4 Nc4 25.Rd3 Rc8 26.Rf2 Kh7 27.d5 e5 28.Rg3 Rf8 29.Kh2 Na3 30.Bxe5 Nb5
31.Rb3 Ra5 32.Bc3 Nxc3 33.bxc3 b5 34.Rfb2 Rc8 35.Rxb5 Rxb5 36.Rxb5 Rxc3 37.Rxb7 Kg6  1/2-1/2

[Event "Leiner op"]
[Site "Leiner"]
[Date "1996.??.??"]
[Round "9"]
[White "Horvath, Gyula"]
[Black "Rabiega, Robert"]
[Result "1-0"]
[WhiteElo "2445"]
[BlackElo "2490"]

1.e4 c5 2.Nf3 Nc6 3.Nc3 e5 4.Bc4 Be7 5.d3 d6 6.a3 Nf6 7.Bg5 O-O 8.Bxf6 Bxf6
9.Nd5 Be6 10.O-O g6 11.Nxf6+ Qxf6 12.Nd2 Rad8 13.b4 b6 14.Re1 Qe7 15.Bb5 Nd4
16.Ba4 Qg5 17.h4 Qxh4 18.c3 b5 19.cxd4 bxa4 20.bxc5 dxc5 21.d5 Bd7 22.Rb1 Qg5
23.Nf3 Qf6 24.Qc2 Qd6 25.Rec1 Rc8 26.Qc3 f6 27.Rb7 a6 28.Nd2 Bb5 29.Nc4 Qd8
30.Nb6 Rc7 31.Rxc7 Qxc7 32.Qxc5 Qxc5 33.Rxc5 Bxd3 34.Nd7 Rd8 35.Rc7 f5 36.f3 fxe4
37.fxe4 Bb1 38.Kf2 Kf7 39.Ke3 Ke7 40.Nxe5+  1-0

[Event "Anibal op 3rd"]
[Site "Linares"]
[Date "1996.??.??"]
[Round "?"]
[White "Narciso Dublan, Marc"]
[Black "Stefansson, Hannes"]
[Result "1/2-1/2"]
[WhiteElo "2440"]
[BlackElo "2540"]

1.e4 c5 2.Nc3 Nc6 3.Nge2 d6 4.d4 cxd4 5.Nxd4 Nf6 6.Be2 e5 7.Nf3 h6 8.O-O Be7
9.Re1 O-O 10.h3 Be6 11.Bf1 Rc8 12.Nd5 Bxd5 13.exd5 Nb8 14.c4 Nh7 15.b4 f5
16.c5 Ng5 17.Nxg5 hxg5 18.Qb3 Kh7 19.Bb2 Nd7 20.Rad1 g6 21.Bb5 e4 22.c6 bxc6
23.dxc6 Nf6 24.Bd4 a5 25.Rc1 axb4 26.Ba6 Rc7 27.Qxb4 d5 28.Qd2 g4 29.Qc3 g5
30.hxg4 Nxg4 31.Be2 Nf6 32.Rb1 Bd6 33.Rb7 Kg6 34.Rd1 Qe7 35.Bxf6 Qxf6 36.Qxf6+ Rxf6
37.Bb5 Rxb7 38.cxb7 Bb8 39.Rxd5 Rb6 40.Be8+ Kf6 41.Rb5 Rxb5 42.Bxb5 Ke5 43.a4 Kd4
44.a5 e3 45.a6 exf2+ 46.Kxf2 Kc5 47.Bd3 Kb6 48.Ke3 Ka7  1/2-1/2

[Event "Lisboa Masters"]
[Site "Lisboa"]
[Date "1996.??.??"]
[Round "4"]
[White "Rocha, Sergio"]
[Black "Frois, Antonio"]
[Result "1/2-1/2"]
[WhiteElo "2370"]
[BlackElo "2380"]

1.e4 c5 2.Nf3 Nc6 3.Nc3 g6 4.g3 Bg7 5.Bg2 Nf6 6.O-O O-O 7.d3 d6 8.Re1 e5
9.Nd2 Bg4 10.Ne2 Nd4 11.f3 Be6 12.Nc4 Re8 13.c3 Nc6  1/2-1/2

[Event "Lisboa VI Finalissima"]
[Site "Lisboa"]
[Date "1996.??.??"]
[Round "6"]
[White "Rodrigues, Adriano Pfuhl"]
[Black "Santos, Marco"]
[Result "0-1"]
[WhiteElo "2270"]
[BlackElo "2110"]

1.e4 c5 2.Nc3 Nc6 3.Nf3 Nf6 4.e5 Ng4 5.Qe2 d6 6.exd6 e6 7.h3 Nf6 8.Nb5 Bxd6
9.Nxd6+ Qxd6 10.g3 b6 11.Bg2 Bb7 12.O-O O-O 13.d3 e5 14.Be3 Rfe8 15.Nh4 Nd4
16.Qd2 Bxg2 17.Kxg2 Qc6+ 18.Kh2 Rad8 19.Bxd4 exd4 20.Rae1 g6 21.Rxe8+ Rxe8
22.Re1 Re6 23.a3 Kg7 24.Rxe6 fxe6 25.Qf4 Nd7 26.Nf3 Qd5 27.Ng5 e5 28.Qh4 Nf6
29.Ne4 Nxe4 30.dxe4 Qf7 31.Kg2 Qc7 32.f4 c4 33.Qg5 d3 34.cxd3 cxd3 35.fxe5 Qc2+
36.Kg1 Qd1+ 37.Kg2 Qe2+ 38.Kg1 Qe1+ 39.Kg2 Qxe4+ 40.Kg1 Qe1+ 41.Kg2 Qe2+
42.Kg1 Qd1+ 43.Kg2 Qc2+ 44.Kg1 Qb1+ 45.Kg2 Qxb2+ 46.Kf1 Qb1+ 47.Kf2 Qc2+
48.Kf1 Qe2+ 49.Kg1 Qe1+ 50.Kg2 Qe4+ 51.Kg1 Qd4+ 52.Kg2 Qd5+ 53.Kf2 d2 54.Qf6+ Kg8
55.e6 Qf5+ 56.Qxf5 gxf5 57.Ke2 Kf8 58.Kxd2 Ke7 59.Kd3 Kxe6 60.Kc4 a6 61.Kd4 Kd6
62.h4 h5 63.a4 Ke6 64.Kd3 Kd5 65.Ke3 b5 66.a5 b4  0-1

[Event "Loures"]
[Site "Loures"]
[Date "1996.??.??"]
[Round "8"]
[White "Santos, Carlos P"]
[Black "De Sousa, Jose"]
[Result "1-0"]
[WhiteElo "2340"]
[BlackElo "2285"]

1.e4 c5 2.Nf3 Nc6 3.Nc3 d6 4.d4 cxd4 5.Nxd4 e5 6.Nf3 h6 7.Bc4 Nf6 8.h3 Be7
9.O-O O-O 10.Qe2 a6 11.a4 Nb4 12.Rd1 Qc7 13.Bb3 Be6 14.Nd5 Nbxd5 15.exd5 Bf5
16.Be3 Nd7 17.c3 Nc5 18.Bc2 Bxc2 19.Qxc2 b5 20.Bxc5 Qxc5 21.Qb3 Rfb8 22.Rd2 a5
23.axb5 Rxb5 24.Qa3 Rab8 25.Qxc5 Rxc5 26.Kf1 Rbb5 27.Re2 Bf8 28.Ne1 Rc4 29.Nc2 Rxb2
30.Ne3 Rxe2 31.Nxc4 Rc2 32.Ra3 a4 33.Ne3 Rd2 34.Ke1 Rb2 35.Rxa4 g6 36.Ra6 Kg7
37.Rc6 Ra2 38.g4 Be7 39.Nc4 Rc2 40.Nxd6 Bxd6 41.Kd1 Rxf2 42.Rxd6 Kf8 43.c4 Rf4
44.Rc6 Rd4+ 45.Kc2 e4 46.d6 Ke8 47.Kc3 Rd3+ 48.Kb4 e3 49.c5 e2 50.Rc8+ Kd7
51.Rc7+ Kd8 52.Re7 Rd2 53.Kc3 Rd5 54.Kc4 Rd2 55.h4 f5 56.h5 gxh5 57.gxf5 h4
58.f6 e1=Q 59.Rxe1 Rf2 60.c6 Rxf6 61.Kc5 Rf5+ 62.Kb6 Rf2 63.Rg1 Rb2+ 64.Ka5 Ra2+
65.Kb4 Rb2+ 66.Kc3 Re2 67.Rg8+ Re8 68.c7+  1-0

[Event "Loures"]
[Site "Loures"]
[Date "1996.??.??"]
[Round "10"]
[White "Lima, Paulo"]
[Black "Permuy, Carlos"]
[Result "1/2-1/2"]
[WhiteElo "2115"]
[BlackElo "2315"]

1.e4 c5 2.Nf3 Nc6 3.Nc3 g6 4.d4 cxd4 5.Nxd4 Bg7 6.Be3 Nf6 7.f3 O-O 8.Bc4 Qb6
9.Qd2 Nxe4 10.fxe4 Bxd4 11.Bxd4 Qxd4 12.Qxd4 Nxd4 13.O-O-O Nc6 14.h3 d6 15.Rhf1 Be6
16.Be2 Rac8 17.a3 Ne5 18.Rfe1 h5 19.Nb5 a6 20.Nd4 Bc4 21.c3 Rc7 22.Kb1 Rfc8
23.Bxc4 Rxc4 24.Nc2 a5 25.Rd5 b6 26.Re2 Nd7 27.Rd1 f6 28.Rd4 Kf7 29.Ne3 Rxd4
30.cxd4 h4 31.Rc2 Rxc2 32.Kxc2 e6 33.Kd3 Ke7 34.Kc4 Kd8 35.Kb5 Kc7 36.b4 axb4
37.axb4 f5 38.exf5 gxf5 39.Nc4 d5 40.Nd2 Nf8 41.Nf3 Ng6 42.Ka6 Kc6 43.b5+ Kc7
44.Ka7 Nf4 45.Nxh4 Ne2 46.Nf3 Nf4  1/2-1/2

[Event "DEN-chJ"]
[Site "Lyngby"]
[Date "1996.??.??"]
[Round "8"]
[White "De Wachter, Matthias"]
[Black "Bekker Jensen, Simon"]
[Result "1/2-1/2"]
[WhiteElo "2170"]
[BlackElo "2200"]

1.e4 c5 2.Nc3 Nc6 3.Nf3 e5 4.Bc4 d6 5.d3 h6 6.Nd2 Nf6 7.Nf1 Bg4 8.f3 Be6
9.Ne3 a6 10.O-O b5 11.Bd5 Bxd5 12.Nexd5 Nxd5 13.Nxd5 Ne7 14.f4 Nxd5 15.exd5 Qd7
16.Qf3 f6 17.c4 h5 18.Bd2 Qg4 19.b4 Qxf3 20.Rxf3 cxb4 21.Bxb4 bxc4 22.dxc4 exf4
23.Rxf4 Rb8 24.Ba3 Be7 25.Re1 Kd7 26.Rfe4 Rhe8 27.Re6 Bf8 28.Rxe8 Rxe8 29.Rxe8 Kxe8
30.Kf2 g6 31.Ke3 f5 32.Kd3 Kd7 33.Bc1 Be7 34.Be3 Kc7 35.g3 h4 36.Bd4 hxg3
37.hxg3 Kd7 38.Ke3  1/2-1/2

[Event "Terres Catalanes"]
[Site "Manresa"]
[Date "1996.??.??"]
[Round "6"]
[White "Arencibia, Walter"]
[Black "Cifuentes Parada, Roberto"]
[Result "0-1"]
[WhiteElo "2555"]
[BlackElo "2500"]

1.e4 c5 2.Ne2 Nc6 3.Nbc3 d6 4.g3 g6 5.Bg2 Bg7 6.O-O e6 7.d3 Nge7 8.Be3 Nd4
9.Qd2 O-O 10.Nc1 Rb8 11.a4 b6 12.Nd1 Bb7 13.f4 Qd7 14.c3 Ndc6 15.Nf2 f5 16.Ne2 d5
17.Qc2 e5 18.Rad1 Kh8 19.fxe5 Nxe5 20.Bf4 d4 21.c4 Rbe8 22.Bd2 Ng8 23.Nf4 Nf6
24.h3 g5 25.Nd5 fxe4 26.Nxf6 exd3 27.Nxd3 Rxf6 28.Bxg5 Nf3+ 29.Bxf3 Rxf3
30.Kh2 Qf5 31.Bf4 h5 32.Qd2 Qxd3  0-1

[Event "Maribor"]
[Site "Maribor"]
[Date "1996.??.??"]
[Round "?"]
[White "Simic, Dragan"]
[Black "Pavasovic, Dusko"]
[Result "1/2-1/2"]
[WhiteElo "2330"]
[BlackElo "2425"]

1.e4 c5 2.Nf3 Nc6 3.Nc3 d6 4.d4 cxd4 5.Nxd4 Nf6 6.Bc4 Qb6 7.Nce2 e6 8.O-O Be7
9.Bb3 O-O 10.Kh1 Ng4 11.Qe1 Na5 12.h3 Ne5 13.f4 Nec4 14.Qg3 Qc5 15.f5 Kh8
16.fxe6 fxe6 17.Bg5 Bf6 18.Bxf6 gxf6 19.Qh4 Qe5 20.Nf4 Rg8 21.Nh5 Qg5 22.Qxg5 Rxg5
23.Nxf6 Nxb2 24.Rf4 Nbc4 25.Raf1 Ne5 26.Rh4 Rg7 27.Ne8 Rf7 28.Rhf4 Bd7 29.Rxf7 Nxf7
30.Rxf7 Bxe8 31.Re7 Nxb3 32.cxb3 Rc8 33.Rxe6 Kg7 34.Ne2 Bc6 35.Rxd6 Bxe4
36.Rd2 Kf6 37.Kg1 Ke5 38.g3 b5 39.Kf2 Rf8+ 40.Nf4 Rc8 41.Rd7 a5 42.Ke3 Rc3+
43.Nd3+ Ke6 44.Rd4 Bf5 45.g4 Bxd3 46.Rxd3 Rc2 47.a4 bxa4 48.bxa4 Ra2 49.Kf4 Rxa4+
50.Kg5 Rb4 51.Rd8 Kf7 52.Rd7+ Kg8 53.Ra7 Rb5+ 54.Kh6 Rb6+ 55.Kh5 Rb3 56.h4 Rb5+
57.g5 Rc5 58.Kh6  1/2-1/2

[Event "Maribor"]
[Site "Maribor"]
[Date "1996.??.??"]
[Round "?"]
[White "Podlesnik, Bogdan"]
[Black "Sax, Gyula"]
[Result "1/2-1/2"]
[WhiteElo "2410"]
[BlackElo "2560"]

1.e4 c5 2.Nc3 Nc6 3.Nf3 d6 4.d4 cxd4 5.Nxd4 Nf6 6.f4 Qb6 7.Nb3 g6 8.Nd5 Nxd5
9.exd5 Na5 10.Nxa5 Qxa5+ 11.c3 Bg7 12.Be3 O-O 13.Be2 b6 14.O-O Bb7 15.Bf3 Qb5
16.Qb3 Qd3 17.Rfe1 Rfc8 18.a4 Ba6 19.Bf2 Bc4 20.Qa3 Qf5 21.Rxe7 Qxf4 22.Bg3 Qg5
23.Ree1 Bxd5 24.Bxd5 Qxd5 25.Qxd6  1/2-1/2

[Event "SVK-ch"]
[Site "Martin"]
[Date "1996.??.??"]
[Round "5"]
[White "Kaniansky, Miroslav"]
[Black "Maslik, Miroslav"]
[Result "1/2-1/2"]
[WhiteElo "2215"]
[BlackElo "2215"]

1.e4 c5 2.Nf3 Nc6 3.Nc3 g6 4.d4 cxd4 5.Nxd4 Bg7 6.Be3 Nf6 7.Be2 O-O 8.Nb3 d6
9.f4 Be6 10.g4 Na5 11.Nd4 Bc4 12.g5 Bxe2 13.Qxe2 Nh5 14.O-O-O Rc8 15.e5 Nc4
16.Nb3 Qe8 17.Nd5 Kh8 18.Bc5 Qb5 19.Nc3 Qa6 20.Rd4 b5 21.Bb4 dxe5 22.fxe5 Nxe5
23.Re4 Rc4 24.Bxe7 Rxe4 25.Qxe4  1/2-1/2

[Event "SVK-ch"]
[Site "Martin"]
[Date "1996.??.??"]
[Round "8"]
[White "Gazik, Igor"]
[Black "Chernyshov, Konstantin"]
[Result "1-0"]
[WhiteElo "2380"]
[BlackElo "2470"]

1.e4 c5 2.Nf3 Nc6 3.Nc3 Nf6 4.d4 cxd4 5.Nxd4 d6 6.Bg5 e6 7.Qd2 a6 8.O-O-O h6
9.Bxf6 Qxf6 10.Nb3 Qd8 11.f4 Be7 12.Kb1 Bd7 13.g3 Qc7 14.Bh3 O-O-O 15.f5 Kb8
16.Nd4 Bg5 17.Qd3 Ne5 18.Qe2 Rhe8 19.Nf3 Bf6 20.fxe6 fxe6 21.Nxe5 Bxe5 22.Rd3 Qc5
23.Rf3 Rc8 24.Qd2 Bc6 25.Re1 Re7 26.Nd1 Bf6 27.Nf2 Ba4 28.c3 Bg5 29.Qe2 Bb5
30.Nd3 Qb6 31.Qc2 Bc4 32.Bf1 Bf6 33.Nf4 Bxf1 34.Rexf1 Rc4 35.Re1 Re8 36.Qb3 Qc6
37.Qc2 Qd7 38.Qd3 Qc6 39.Qc2 a5 40.a3 Qc5 41.Qf2 Qb5 42.Qd2 Qe5 43.Qe2 Rec8
44.Nd3 Qh5 45.e5 dxe5 46.Nxe5 R4c7 47.Rd3 Qe8 48.Rd6 Rd8 49.Rxd8+ Qxd8 50.Rd1 Qe8
51.Ka2 Qa4 52.Rd4 Qe8 53.Qd3 Kc8 54.Nc4 Kb8 55.Rd6 Qb5 56.Nb6 Qxd3 57.Rxd3 Ka7
58.Rd6 Rc6 59.Rxc6 bxc6 60.Nd7 Be7 61.Kb3 Bd6 62.a4 h5 63.Kc4 Be7 64.Nc5 e5
65.h3 Bd6 66.g4 hxg4 67.hxg4 Kb6 68.Ne4 Be7 69.Ng3 g6 70.Ne4 Kc7 71.Nc5 Bd6
72.Nb3 Kb6 73.Kd3 Bb8 74.Ke4 Bc7 75.Nd2 Kc5 76.b3  1-0